Score 0/12 Timer 01:30
3 Plays Today
Clue 4-Letter Word % Correct
Sticky substance used in crafting and mendingGLUE
97.1%
Moping or gloomyGLUM
92.9%
A mollusk that gets shuckedCLAM
92.3%
Bowie's style of 70s rockGLAM
91.2%
To stuff without thought or sufficient spaceCRAM
90.8%
A turn in a riverBEND
90.1%
'Dracula' author StokerBRAM
86.9%
With [last rung], poem title; primary in pigmentation~~BLUE~~
84.2%
Droplet or necklace spherule BEAD
74.8%
A two-tail bendy nailBRAD
71.9%
Figuratively, a tight spotBIND
66.7%
With [first rung], poem title; of the Aves class~~BIRD~~
45.1%

Today's Daily Dose

Missing Word
I Hardly Know Her!

Word Ladder
Sentence Ending

Quick Pick
Female Firsts

Get the Picture
Triathlon Sports

Remove Ads.
Support Sporcle.
Get the best of Sporcle when you Go Orange. This ad-free experience offers more features, more stats, and more fun while also helping to support Sporcle. Thank you for becoming a member.

You're not logged in!

Compare scores with friends on all Sporcle quizzes.
OR
Log In

Show Comments

Extras

Top Quizzes Today


Score Distribution

Your Account Isn't Verified!

In order to create a playlist on Sporcle, you need to verify the email address you used during registration. Go to your Sporcle Settings to finish the process.

Report this User

Report this user for behavior that violates our Community Guidelines.

Details: